000 00511nam a22001697a 4500
999 _c40736
_d40736
003 OSt
005 20200606120138.0
008 191031b ||||| |||| 00| 0 eng d
020 _a9788181501127
040 _cMESKC library
082 _a891.433
_bSAI/K
100 _aSaini, Renu
_951
245 _aKahaniyon Ke Saath Bachpan Ka Safar /
_cRenu Saini
260 _aNew Delhi :
_bAravali Books International,
_c2011
300 _a154p
942 _2ddc
_cBK
_h891.433
_iSAI/K
_k891.433
_mSAI/K